現代散文選(上冊)
| 資料類型: | 圖書 | 書目號: | 38165 |
Leader xxxxxxxxxx 001 __ PCLIS00038165 005 __ 20071002153516.16 010 0_ |a957-|b平裝|dNT$100 020 __ |acw|b82005151 100 __ |a20071002d2007 0chib0109 e 101 0_ |achi 102 __ |acw 105 __ |aa z 000yy 200 1_ |a現代散文選(上冊) |e|f胡適等著|g 205 __ |a初版 210 __ |a臺北市|c牧童|d民66年 215 0_ |a面|c圖, 表|d公分 225 1_ |a|v 300 __ |a 681 __ |a825.8|b 700 __ |a胡適等|b|4著 702 _1 |a|b|4 801 __ |acw|b本館|c20071002 |